header

The Landry News / (Record no. 266221)

MARC details
000 -LEADER
fixed length control field 00239nam a22000977a 4500
020 ## - INTERNATIONAL STANDARD BOOK NUMBER
ISBN 0689828683
100 ## - MAIN ENTRY--AUTHOR NAME
Personal name Andrew Clements.
245 ## - TITLE STATEMENT
Title The Landry News /
260 ## - PUBLICATION, DISTRIBUTION, ETC. (IMPRINT)
Place of publication New York
Name of publisher Atheneum Books for Young Readers,
Year of publication 1999
942 ## - ADDED ENTRY ELEMENTS (KOHA)
Koha item type Long Loan Books
Holdings
Withdrawn status Lost status Collection code Home library Current library Shelving location Date acquired Accession Number Koha item type
    Fiction Rongo University Library Rongo University Library Children's Area 22/04/2026 CL20250246 Long Loan Books
    Fiction Rongo University Library Rongo University Library Children's Area 22/04/2026 CL20250247 Long Loan Books
    Fiction Rongo University Library Rongo University Library Children's Area 22/04/2026 CL20250250 Long Loan Books

© 2026 Rongo University
Contact us: librarian | system librarian | Rongo university